| 000 | 00520nam a22001937a 4500 | ||
|---|---|---|---|
| 008 | 131003b xxu||||| |||| 00| 0 ger d | ||
| 020 | _a3815571111 | ||
| 041 | 0 | _ager | |
| 080 |
_a004 _x(075) |
||
| 100 | 1 | _ad'Hardancourt, Anatole | |
| 245 | 1 | 0 |
_aDer GroBe pc-atlas _cd'Hardancourt, Anatole |
| 250 | _a1. Botimi | ||
| 260 |
_aFrance _bSYBEX _c1994 |
||
| 300 |
_a177 f. _bilustr. fotograf. _c28 cm |
||
| 500 | _aNuk permban parathenie | ||
| 505 | _aLibri eshte ne forme atlasi | ||
| 650 | 0 | _aKompjuteret | |
| 942 |
_2udc _cBK |
||
| 999 |
_c21 _d21 |
||